| 000 | 01741nam a2200301 a 4500 | ||
|---|---|---|---|
| 001 | 000044698 | ||
| 003 | |||
| 005 | 20241008140009.0 | ||
| 007 | ta | ||
| 008 | 141218s2012 dr r 000 0 spa d | ||
| 020 | _a9789945443868 | ||
| 040 |
_aDO-SdBP _bspa _cBPMSU |
||
| 082 | 4 |
_a306.97293 _bL258e 2012 _222 |
|
| 100 | 1 |
_aLandolfi, Ciriaco _d1927- |
|
| 245 | 1 | 0 |
_aEvolución cultural dominicana (1844-1899) / _cCiriaco Landolfi Rodríguez. |
| 250 | _a2a ed. | ||
| 260 |
_aSanto Domingo : _bBanco Central de la República Dominicana, _c2012. |
||
| 300 |
_a305 p. ; _c23 cm. |
||
| 490 | 0 |
_aBanco Central de la República Dominicana; _aCiencias sociales, _v65/29 |
|
| 500 | _aIncluye referencias bibliográficas y notas al pie de las páginas | ||
| 500 | _aIncluye datos biográficos del autor en las solapas | ||
| 505 | 0 | _aRaíces, 13 -- El legado cultural al umbral de la independencia política, 43 -- La I República, 61 -- Fracaso de la supuesta identidad cultura española en 1861, 95 -- Algunos supuestos históricos de la evolución cultural dominicano de 1865 a 1899, 111 -- Éramos un pueblo ágrafo, 123 -- Monteros vs. tabaqueros (reflexiones sobre textos y contextos de una neuralgia política), 149 -- 1873 llega a su término el proceso de intelección de la idea nacional, 191 -- Una cultura urbana cosmopolita, 217 -- La ciudad de santo domingo: el contrapunto urbano (con apuntaciones a la diversidad cultural dominicana del último tercio del siglo XIX), 237 -- Estancamiento cultural a final del siglo XIX, 26 | |
| 590 | _aInventariado, 2024/VM | ||
| 650 | 4 |
_aEvolución cultural _xHistoria _zRepública dominicana |
|
| 650 | 4 | _a Identidad cultural | |
| 910 | _aVMateo V. Control de calidad. BPMSU | ||
| 942 |
_2ddc _cBK |
||
| 999 |
_c14824 _d14824 |
||